| 000 -LEADER |
| fixed length control field |
01695cam a2200421 a 4500 |
| 001 - CONTROL NUMBER |
| control field |
15007066 |
| 005 - DATE AND TIME OF LATEST TRANSACTION |
| control field |
20170105102917.0 |
| 008 - FIXED-LENGTH DATA ELEMENTS--GENERAL INFORMATION |
| fixed length control field |
070914s2007 dcuab b 001 0 eng |
| 010 ## - LIBRARY OF CONGRESS CONTROL NUMBER |
| LC control number |
2007037598 |
| 015 ## - NATIONAL BIBLIOGRAPHY NUMBER |
| National bibliography number |
GBA8A5858 |
| Source |
bnb |
| 016 7# - NATIONAL BIBLIOGRAPHIC AGENCY CONTROL NUMBER |
| Record control number |
014708524 |
| Source |
Uk |
| 020 ## - INTERNATIONAL STANDARD BOOK NUMBER |
| International Standard Book Number |
9781426202384 (regular ed.) : |
| Terms of availability |
$40.00 |
| 020 ## - INTERNATIONAL STANDARD BOOK NUMBER |
| International Standard Book Number |
1426202385 (regular ed.) : |
| Terms of availability |
$40.00 |
| 020 ## - INTERNATIONAL STANDARD BOOK NUMBER |
| International Standard Book Number |
9781426202391 (deluxe ed.) |
| 020 ## - INTERNATIONAL STANDARD BOOK NUMBER |
| International Standard Book Number |
1426202393 (deluxe ed.) |
| 035 ## - SYSTEM CONTROL NUMBER |
| System control number |
(OCoLC)173299019 |
| Canceled/invalid control number |
(OCoLC)212855221 |
| -- |
(OCoLC)245564456 |
| 035 ## - SYSTEM CONTROL NUMBER |
| System control number |
(OCoLC)ocn173299019 |
| 040 ## - CATALOGING SOURCE |
| Original cataloging agency |
DLC |
| Transcribing agency |
DLC |
| Modifying agency |
GSN |
| -- |
BTCTA |
| -- |
BAKER |
| -- |
YDXCP |
| -- |
C#P |
| -- |
IEU |
| -- |
BWX |
| -- |
UKM |
| -- |
DLC |
| 050 00 - LIBRARY OF CONGRESS CALL NUMBER |
| Classification number |
GN378 |
| Item number |
.P4616 2007 |
| 082 00 - DEWEY DECIMAL CLASSIFICATION NUMBER |
| Classification number |
305.8 |
| Edition number |
22 |
| 245 00 - TITLE STATEMENT |
| Title |
Book of peoples of the world : |
| Remainder of title |
a guide to cultures / |
| Statement of responsibility, etc. |
edited by Wade Davis and K. David Harrison ; with Catherine Herbert Howell. |
| 250 ## - EDITION STATEMENT |
| Edition statement |
Rev. ed. |
| 260 ## - PUBLICATION, DISTRIBUTION, ETC. |
| Place of publication, distribution, etc. |
Washington, D.C. : |
| Name of publisher, distributor, etc. |
National Geographic, |
| Date of publication, distribution, etc. |
c2007. |
| 300 ## - PHYSICAL DESCRIPTION |
| Extent |
383 p. : |
| Other physical details |
col. ill., col. maps ; |
| Dimensions |
26 cm. |
| 500 ## - GENERAL NOTE |
| General note |
Rev. ed. of: Peoples of the world. c2001. |
| 504 ## - BIBLIOGRAPHY, ETC. NOTE |
| Bibliography, etc. note |
Includes bibliographical references (p. 378) and index. |
| 650 #0 - SUBJECT ADDED ENTRY--TOPICAL TERM |
| Topical term or geographic name entry element |
Ethnology. |
| 650 #0 - SUBJECT ADDED ENTRY--TOPICAL TERM |
| Topical term or geographic name entry element |
Ethnology |
| Form subdivision |
Pictorial works. |
| 700 1# - ADDED ENTRY--PERSONAL NAME |
| Personal name |
Davis, Wade. |
| 700 1# - ADDED ENTRY--PERSONAL NAME |
| Personal name |
Harrison, K. David. |
| 700 1# - ADDED ENTRY--PERSONAL NAME |
| Personal name |
Howell, Catherine Herbert. |
| 710 2# - ADDED ENTRY--CORPORATE NAME |
| Corporate name or jurisdiction name as entry element |
National Geographic Society (U.S.) |
| 730 0# - ADDED ENTRY--UNIFORM TITLE |
| Uniform title |
Peoples of the world. |
| 856 41 - ELECTRONIC LOCATION AND ACCESS |
| Materials specified |
Table of contents only |
| Uniform Resource Identifier |
<a href="http://www.loc.gov/catdir/toc/ecip0727/2007037598.html">http://www.loc.gov/catdir/toc/ecip0727/2007037598.html</a> |
| 906 ## - LOCAL DATA ELEMENT F, LDF (RLIN) |
| a |
7 |
| b |
cbc |
| c |
orignew |
| d |
1 |
| e |
ecip |
| f |
20 |
| g |
y-gencatlg |
| 942 ## - ADDED ENTRY ELEMENTS (KOHA) |
| Source of classification or shelving scheme |
|
| Koha item type |
Book |